000 01316cam a22002894a 4500
999 _c332062
_d332062
001 13145615
003 NUST
005 20171108162722.0
008 030402s2004 nyu 000 0aeng
010 _a 2003047550
020 _a9780007360888
040 _aDLC
_cDLC
_dDLC
042 _apcc
050 0 0 _aBX4668.3.A75
_bA3 2004
082 0 0 _a200.92
_bARM
100 1 _aArmstrong, Karen,
_d1944-
_9945
245 1 4 _aThe spiral staircase :
_bmy climb out of darkness /
_cKaren Armstrong.
250 _a1st ed.
260 _aNew York ;
_aToronto :
_bAlfred A. Knopf,
_c2004.
300 _axxii, 305 p. ;
_c23 cm.
600 1 0 _aArmstrong, Karen,
_d1944-
_9945
650 0 _aEx-nuns
_vBiography.
_96194
856 4 2 _3Contributor biographical information
_uhttp://www.loc.gov/catdir/bios/random055/2003047550.html
856 4 2 _3Publisher description
_uhttp://www.loc.gov/catdir/description/random0413/2003047550.html
906 _a7
_bcbc
_corignew
_d1
_eocip
_f20
_gy-gencatlg
942 _2ddc
_cBK